|
|
|
|
| LEADER |
00000nab a2200000u 4500 |
| 001 |
vtls012267442 |
| 003 |
SK-MaSNL |
| 005 |
20260304013249.0 |
| 008 |
241126|2024 xo ||||||| || ||slo| |
| 038 |
|
|
|a KEVKJB
|
| 040 |
|
|
|a KEVKJB
|b slo
|e rda
|
| 041 |
0 |
|
|a slo
|
| 043 |
|
|
|a e-xo---
|
| 044 |
|
|
|a xo
|c SK
|
| 072 |
|
7 |
|a 352/354
|x Stupne miestnej, oblastnej a ústrednej správy
|2 konspekt
|
| 080 |
|
|
|a 352
|2 2011
|
| 100 |
1 |
|
|a Ogurčáková, Jana
|4 aut
|9 835010
|
| 245 |
1 |
0 |
|a Vicestarosta ďakuje lúzrom aj skrachovaným politikom a podkovu odstránil
|c Jana Ogurčáková
|
| 300 |
|
|
|b Fotografia
|
| 336 |
|
|
|a text
|b txt
|2 rdacontent
|
| 337 |
|
|
|a bez média
|b n
|2 rdamedia
|
| 338 |
|
|
|a zväzok
|b nc
|2 rdacarrier
|
| 600 |
1 |
7 |
|a Eperješi, Vladimír
|2 kevkjb
|9 1108163
|
| 650 |
0 |
7 |
|a umeleckí kováči
|2 SNKPH
|9 109206
|
| 650 |
0 |
7 |
|a poslanci
|2 SNKPH
|9 1797
|
| 650 |
0 |
7 |
|a čierne stavby
|2 kevkjb
|9 1088858
|
| 651 |
|
7 |
|a Košice (Slovensko)
|2 SNKPHgeo
|9 18694
|
| 651 |
|
7 |
|a Hrnčiarska ulica (Košice, Slovensko)
|2 SNKPHbucl
|9 29607
|
| 651 |
|
7 |
|a Staré Mesto (Košice I, Slovensko)
|2 SNKPHgeo
|9 160203
|
| 773 |
0 |
|
|t Korzár - SME
|g Roč. XXVII., č. 227 (2024), s. 8
|x 2585-7355
|
| 852 |
|
|
|a KEVKJB
|b KIS3GCP
|
| 856 |
4 |
1 |
|u https://kosice.korzar.sme.sk/c/23413953/vicestarosta-odstranil-ciernu-stavbu-podakovat-sa-treba-luzrom-a-skrachovanym-politikom-vravi.html
|
| 999 |
|
|
|c 2575114
|d 2577044
|